ბათუმის შოთა რუსთაველის სახელმწიფო უნივერსიტეტის ბიბლიოთეკა

Assembling Japan: (ბიბ.ჩანაწერი № 63996)

000 -LEADER
fixed length control field 00866nam a22001937a 4500
005 - DATE AND TIME OF LATEST TRANSACTION
control field 20260305175706.0
008 - FIXED-LENGTH DATA ELEMENTS--GENERAL INFORMATION
fixed length control field 260305s2015 enk||||| |||| 00| 0 eng d
020 ## - INTERNATIONAL STANDARD BOOK NUMBER
International Standard Book Number ‎9783034318303x
041 ## - LANGUAGE CODE
Language code of text/sound track or separate title eng
080 ## - UNIVERSAL DECIMAL CLASSIFICATION NUMBER
Universal Decimal Classification number 008(520:4) A-88
245 ## - TITLE STATEMENT
Title Assembling Japan:
Remainder of title Modernity, Technology and Global Culture /
Statement of responsibility, etc. Edited by
Medium Griseldis Kirsch, Dolores P. Martinez, Merry White.
264 ## - PRODUCTION, PUBLICATION, DISTRIBUTION, MANUFACTURE, AND COPYRIGHT NOTICE
Place of production, publication, distribution, manufacture Oxford :
Name of producer, publisher, distributor, manufacturer Peter Lang,
Date of production, publication, distribution, manufacture, or copyright notice 2015.
300 ## - PHYSICAL DESCRIPTION
Extent 253 p.;
Other physical details 23 cm.
653 ## - INDEX TERM--UNCONTROLLED
keyword თანამედროვეობა, ტექნოლოგია და გლობალური კულტურა იაპონიაში
700 ## - ADDED ENTRY--PERSONAL NAME
Personal name Kirsch, Griseldis
Relator term რედაქტორი
9 (RLIN) 27061
700 ## - ADDED ENTRY--PERSONAL NAME
Personal name Martinez, Dolores P.
Relator term რედაქტორი
9 (RLIN) 27062
700 ## - ADDED ENTRY--PERSONAL NAME
Personal name White, Merry
Relator term რედაქტორი
9 (RLIN) 27063
942 ## - ADDED ENTRY ELEMENTS (KOHA)
Source of classification or shelving scheme
Koha item type წიგნი
ეგზემპლარები
Withdrawn status Lost status Source of classification or shelving scheme Damaged status Not for loan Permanent Location Current Location Shelving location Date acquired Cost, normal purchase price Full call number Barcode Date last seen Copy number Uniform Resource Identifier Price effective from Koha item type Public note
          ბათუმის შოთა რუსთაველის სახელმწიფო უნივერსიტეტის მთავარი ბიბლიოთეკა ბათუმის შოთა რუსთაველის სახელმწიფო უნივერსიტეტის მთავარი ბიბლიოთეკა წიგნსაცავი 2026-03-05 14.00 008(520:4) A-88 73863 2026-03-05 73863 იაპონიის ელჩის საჩუქარი 2026-03-05 წიგნი 14 ლ.